000 00526nam a2200169Ia 4500
008 090201s9999 xx 000 0 und d
010 _aKPL-28839
040 _bमराठी
041 _aमराठी
082 _a30950
_b28839
100 _aरमेश ललगूणकर
245 _aकॉलनी लाईफ
_cरमेश ललगूणकर
260 _c2004
_bनेत्रा प्रकाशन
300 _a131
_bमोठा
600 _aकॉलनी लाईफ
942 _cBOOK
999 _c229448
_d229448